El empleo de las raíces polinomios ortogonales en el procesamiento digital de señales
محفوظ في:
| المؤلف الرئيسي: | |
|---|---|
| التنسيق: | كتاب |
| اللغة: | Spanish |
| منشور في: |
[San José, Costa Rica] : Universidad de Costa Rica, Facultad de Ingeniería, Instituto de Investigaciones en Ingeniería, Escuela de Ingeniería Eléctrica
1998
|
| الوسوم: |
إضافة وسم
لا توجد وسوم, كن أول من يضع وسما على هذه التسجيلة!
|
MARC
| LEADER | 00000nam a2200000Ia 4500 | ||
|---|---|---|---|
| 003 | PI0098 | ||
| 005 | 20240425111438.0 | ||
| 008 | 140116s1998 c a 000 ||spa d | ||
| 040 | |c cru CEDI | ||
| 090 | |a PI-98 | ||
| 100 | |a Romero Chacón, Jorge Arturo, 1961- |9 1722 | ||
| 245 | |a El empleo de las raíces polinomios ortogonales en el procesamiento digital de señales | ||
| 260 | |a [San José, Costa Rica] : Universidad de Costa Rica, Facultad de Ingeniería, Instituto de Investigaciones en Ingeniería, Escuela de Ingeniería Eléctrica |c 1998 | ||
| 300 | |c 11 hojas | ||
| 500 | |a Informe final de Proyecto de investigación. No. 731-97-309 | ||
| 942 | |c PI |h PI-98 |i PI0098 |6 PI_98_PI0098 | ||
| 999 | |c 13246 |d 13246 | ||
